|
|
|
|
| LEADER |
00919pam a22002658a 4500 |
| 001 |
00025698 |
| 005 |
20171026081022.0 |
| 008 |
110810s2010 ||||||viesd |
| 041 |
0 |
# |
|a vie
|
| 082 |
1 |
# |
|a 895.922 09
|b V500NG
|
| 100 |
1 |
# |
|a Vũ, Ngọc Phan
|
| 245 |
1 |
0 |
|a Vũ Ngọc Phan toàn tập
|b 5 tập
|c Hồng Diệu st.
|n T.1
|
| 260 |
# |
# |
|a Hà Nội
|b Văn học
|c 2010
|
| 300 |
# |
# |
|a 794 tr.
|c 21 cm.
|
| 600 |
1 |
4 |
|a Vũ, Ngọc Phan
|
| 650 |
# |
4 |
|a Văn học hiện đại
|z Việt Nam
|
| 653 |
# |
# |
|a Việt Nam
|
| 653 |
# |
# |
|a Văn học
|
| 700 |
0 |
# |
|a Hồng Diệu
|e sưu tầm, tuyển chọn, giới thiệu
|
| 852 |
# |
# |
|b Kho mượn
|j KM.0006320, KM.0002336
|
| 852 |
# |
# |
|b Kho đọc
|j KD.0010494
|
| 852 |
# |
# |
|j KD.0010494
|j KM.0006320
|j KM.0002336
|
| 910 |
# |
# |
|a nhnam
|d 10/08/2011
|
| 980 |
# |
# |
|a Trung tâm Học liệu Lê Vũ Hùng, Trường Đại học Đồng Tháp
|